| 000 | 00523nam a2200181 i 4500 | ||
|---|---|---|---|
| 001 | 87503 | ||
| 003 | ES-MaACL | ||
| 005 | 20250208063127.0 | ||
| 007 | t| | ||
| 008 | 041222s1921 fr ||||1| fre d | ||
| 100 | 1 |
_aKipling, Rudyard, _d1865-1936 _968087 |
|
| 245 | 1 | 4 |
_aLes yenx de l'aríe / _cRudyard Kipling ; traduit par Firmín Roz. |
| 260 |
_aParis : _bPayot & Cie., _c1921. |
||
| 300 |
_a95 p. ; _c16 cm. |
||
| 700 | 1 |
_aRoz, Firmin. _9100243 |
|
| 852 |
_aES-MaACL _jG-2655 |
||
| 999 |
_c87503 _d87503 |
||